Probes Leaving the Solar System - Statistics

General Stats
  • This quiz has been taken 102 times
  • The average score is 3 of 5
Answer Stats
Probe % Correct
{Voyager} {1}
100%
{Voyager} {2}
100%
{New} {Horizons}
61%
{Pioneer} {10}
40%
{Pioneer} {11}
39%
No matching quizzes found
Score Distribution
Percent of People with Each Score
Percentile by Number Answered
Your Score History
You have not taken this quiz